| 000 | 00856nam a22001337a 4500 | ||
|---|---|---|---|
| 040 | _cRUA | ||
| 082 | _aLMA CHE 2017 B640 Or.1 | ||
| 100 | _aCHEAT CHANNITA ជាតិ ចាន់និតា | ||
| 245 | _athe study on geographic information system application for state land mapping in battadombong province kingdom of cambodia ការសិក្សារអំពីការប្រើប្រាស់ប្រពន្ធ័ពត័មានភូមិសាស្រ្តសម្រាប់ការផលិតផែនទីដីរដ្ខ នៅក្នុងខេត្ត បាត់ដំបង នៃប្រទេសកម្ពុជា | ||
| 260 |
_aRUA _bPhnom penh _c2017 |
||
| 300 |
_ax;50p _bill; _c29cm |
||
| 856 | _uhttps://drive.google.com/file/d/18hZPipJL2-LRgkvYMlsWZJfcc5uM9f82/view?usp=sharing | ||
| 942 | _cLMA | ||
| 999 |
_c18130 _d18130 |
||